| 000 | 00679nam a2200229Ia 4500 | ||
|---|---|---|---|
| 003 | GCL | ||
| 008 | 140319s9999 xx 000 0 ara d | ||
| 020 | _a0995060977 | ||
| 040 |
_aGCL / _cGCL |
||
| 082 | 0 | 4 |
_a272.2 _bص م |
| 100 | 1 | _aصمؤيل ريداوت | |
| 245 | 1 | 0 |
_aمحاضرات فى رسالة العبرانيين / _cصمؤيل ريداوت |
| 250 | _aالاولى | ||
| 260 |
_aالقاهرة : _bمكتبة الاخوة ، _c2000 |
||
| 300 |
_a208 ص ؛ _c24 سم |
||
| 650 | 0 | 4 | _aاليهودية |
| 650 | 0 | 4 | _aالعهد القديم |
| 650 | 0 | 4 | _aالتوراة |
| 650 | 0 | 4 | _aالمسيح |
| 650 | 0 | 4 | _aالمسيحية - فلسفة |
| 942 |
_2ddc _cBK |
||
| 999 |
_c5469 _d5469 |
||